| 000 | 00659nam a2200217Ii 4500 | ||
|---|---|---|---|
| 003 | JO-AjNU | ||
| 008 | 230605s9999||||xx |||||||||||||| ||und|| | ||
| 017 | _a1962 | ||
| 020 | _a977-215-023-0 | ||
| 040 |
_aJO-AjNU _bara _erda _cJO-AjNU |
||
| 041 | _aara | ||
| 050 | 1 | 4 | _aHD37.A7.S2464 |
| 100 | 3 |
_aالسلمي،علي, _eauthor _934204 |
|
| 245 | 0 | 0 | _aادارة الانتاجية |
| 264 | 3 | 1 | _aالقاهرة:دار غريب للطباعة والنشر والتوزيع |
| 300 | _a167ص | ||
| 336 |
_atext _btxt _2rdacontent |
||
| 337 |
_aunmediated _bn _2rdamedia |
||
| 338 |
_avolume _bnc _2rdacarrier |
||
| 650 | 4 |
_aادارة الانتاج _934205 |
|
| 999 |
_aA13997 _c17565 _d17565 |
||